000 00293nam a2200109Ia 4500
001 1264778
005 20260417141952.0
008 260417s9999 xx 000 0 und d
020 _a9786051858036
245 0 _aİstanbul ve Pierre Loti
_cAbdülhak Şinasi Hisar
260 _bEverest Yayınları
999 _c1264778
_d1264778